Switched Letters Quiz Stats

Quiz Updated Oct 13, 2016

Challenge
Share
Tweet
Embed
Score 0/26 Timer 07:00
3 Plays Today
Clue Words % Correct
Mary, Mary ____ Contraryquite - quiet
96.8%
Butter, cheese and yogurtdairy - diary
94.4%
Attemptedtried - tired
85.8%
Gabriel in the Bible e.g.angel - angle
81.7%
Frightenedscared - sacred
80%
Second place for an Olympiansilver - sliver
78%
Unpaid servantslave - salve
77%
Have a hankering forcrave - carve
76%
Like blood on the ground or milk on the tablespilt - split
70.3%
Smoothed one's fingernailsfiled - field
66.5%
Erector of walls or drafter of the US Constitutionframer - farmer
63.2%
Flawlessperfect - prefect
58.6%
Get uparise - raise
58.3%
Clue Words % Correct
'Taps' instrumentbugle - bulge
55.4%
Imposed a monetary penaltyfined - fiend
54.9%
Like scorched eyebrowssinged - signed
54%
What a pioneer leavestrail - trial
54%
Togetherunited - untied
53.2%
'Look what I did!'voila - viola
48.3%
Adjust, like a hemlinealter - later
47.9%
Decreasing, like the moonwaning - awning
42.7%
Myocardial _____infarction - infraction
39.8%
Conjugalmarital - martial
39.1%
What 'brulée' means in crème brulée burnt - brunt
36.8%
Type of sickness common to mountain climbersaltitude - latitude
31.2%
Submissive to the rulescompliant - complaint
12.3%

You're not logged in!

Compare scores with friends on all Sporcle quizzes.
Sign Up with Email
OR
Log In

You Might Also Like...

Show Comments

Extras

Top Quizzes Today


Score Distribution

Your Account Isn't Verified!

In order to create a playlist on Sporcle, you need to verify the email address you used during registration. Go to your Sporcle Settings to finish the process.